Lengua castellana y literatura : 2 Bachillerato : materia común

Gespeichert in:
Bibliographische Detailangaben
1. Verfasser: Arroyo Cantón, Carlos
Weitere Verfasser: Berlato, Perla
Format: Buch
Sprache:Spanisch
Erschienen: San Fernando de Henares : Oxford Educación, D.L. 2010
Katalog:MANES:  Suchergebnis im Bibliothekskatalog
Schulbuchspezifische Eigenschaften:
Schriftenreihe:Contemporáneos Tesela
Tags: Tag hinzufügen
Keine Tags, Fügen Sie den ersten Tag hinzu!
Hinzugefügt zu:17.03.2010
Geändert in:07.05.2025

MARC

LEADER 00000cam a2200000 i 4500
005 20250507134542.0
008 100318s2010 espao fp 000 0 spa d
020 |a 9788467350418 
040 |a uned  |b spa  |c entro-manes 
100 1 |a Arroyo Cantón, Carlos 
245 1 0 |a Lengua castellana y literatura :   |b 2 Bachillerato : materia común /   |c autores, Carlos Arroyo Cantón, Perla Berlato Rodríguez 
260 |a San Fernando de Henares :   |b Oxford Educación,   |c D.L. 2010 
300 |a 395 p. :   |b il. 
490 0 |a Contemporáneos  |a Tesela 
546 |a España 
561 |5 es-BUNED  |3 L.T.M. 2220  |a España. Fondo Manes UNED  |k MANES 
690 0 |a LEN 
691 0 |a SE 
700 1 |a Berlato, Perla  |9 40376 
942 |2 ddc  |c BK 
999 |c 97079  |d 97079 
999 |c manes:97079  |d 97079